TB. OF OPHTHALMOLOGY (Record no. 30598)

MARC details
000 -LEADER
fixed length control field 00341nam a22001577a 4500
003 - CONTROL NUMBER IDENTIFIER
control field SGT
020 ## - INTERNATIONAL STANDARD BOOK NUMBER
International Standard Book Number 9788198109484
082 ## - DEWEY DECIMAL CLASSIFICATION NUMBER
Classification number 617.7
Item number O25M
100 ## - MAIN ENTRY--PERSONAL NAME
Personal name MITTAL, SANJEEV K.
245 ## - TITLE STATEMENT
Title TB. OF OPHTHALMOLOGY
250 ## - EDITION STATEMENT
Edition statement 2ND
260 ## - PUBLICATION, DISTRIBUTION, ETC. (IMPRINT)
Place of publication, distribution, etc INDIA
Name of publisher, distributor, etc THIEME PUB
Year of Publication 2025
300 ## - PAGE DESCRIPTION
No. of Pages 886
650 ## - SUBJECT ADDED ENTRY--TOPICAL TERM
Topical term or geographic name as entry element OPHTHALMOLOGY
942 ## - ADDED ENTRY ELEMENTS (KOHA)
Source of classification or shelving scheme Dewey Decimal Classification
Koha item type Books
Holdings
Withdrawn status Lost status Source of classification or shelving scheme Damaged status Not for loan Collection code Home library Current library Shelving location Date acquired Vendor Name Cost, normal purchase price SGTU Bill Number Full call number Accession No. (Barcode) Date last seen Bill Date Koha item type Total Checkouts Date last borrowed
    Dewey Decimal Classification   Not For Loan MEDICAL SGT Medical Library SGT Medical Library Reference Book 11/02/2025 ABC DELHI 1500.00 SGTU 20461 617.7 O25M FM14746 02/04/2025 11/02/2025 Books    
    Dewey Decimal Classification     MEDICAL SGT Medical Library SGT Medical Library Text Book 11/02/2025 ABC DELHI 1500.00 SGTU 20461 617.7 O25M FM14747 10/02/2026 11/02/2025 Books 6 27/01/2026
    Dewey Decimal Classification     MEDICAL SGT Medical Library SGT Medical Library Text Book 11/02/2025 ABC DELHI 1500.00 SGTU 20461 617.7 O25M FM14748 25/05/2026 11/02/2025 Books 16 25/05/2026
    Dewey Decimal Classification     MEDICAL SGT Medical Library SGT Medical Library Text Book 11/02/2025 ABC DELHI 1500.00 SGTU 20461 617.7 O25M FM14749 15/05/2026 11/02/2025 Books 5 05/05/2026
    Dewey Decimal Classification     MEDICAL SGT Medical Library SGT Medical Library Text Book 11/02/2025 ABC DELHI 1500.00 SGTU 20461 617.7 O25M FM14750 13/03/2026 11/02/2025 Books 4 20/01/2026